| 000 | 00907nam a2200253Ii 4500 | ||
|---|---|---|---|
| 001 | 56381 | ||
| 005 | 20260205160354.0 | ||
| 008 | 241108s9999||||xx |||||||||||||| ||und|| | ||
| 020 | _a9586430006 | ||
| 040 |
_aCO-ViMGA _bspa _erda _cCO-ViMGA |
||
| 082 | 0 | 4 |
_a986.105 _bS168s _223 |
| 245 | 1 | 0 |
_aSantander y el congreso de 1824 : _bactas y correspondencia _cprólogo de Ocampo López |
| 264 | 1 |
_aBogotá, Colombia : _bFundación Francisco de Paula Santander, _c1989 |
|
| 300 |
_a2 tomos _c24 cm. |
||
| 336 |
_atexto _btxt _2rdacontenido |
||
| 337 |
_ano mediado _bn _2rdamedio |
||
| 338 |
_avolumen _bnc _2rdasoporte |
||
| 505 | _aTomo IV . Tomo V. | ||
| 651 | 4 |
_a Colombia _xAdministración pública _y1824. _968597 |
|
| 651 | 4 |
_aColombia _xHistoria _y1824 _968598 |
|
| 651 | 4 |
_aColombia _yPolítica y gobierno _v1824 _968599 |
|
| 710 | 1 | 2 |
_aFundación Francisco de Paula Santander _968600 |
| 942 |
_cBK _2ddc |
||
| 999 |
_c56381 _d56381 |
||